Central Library OPAC University of Rajshahi
Normal view MARC view

Entry Topical Term

Number of records used in: 1

001 - CONTROL NUMBER

  • control field: 2094

003 - CONTROL NUMBER IDENTIFIER

  • control field: BD-RjUL

005 - DATE AND TIME OF LATEST TRANSACTION

  • control field: 20220328150246.0

008 - FIXED-LENGTH DATA ELEMENTS

  • fixed length control field: 220328|| aca||aabn | a|a d

040 ## - CATALOGING SOURCE

  • Original cataloging agency: BD-RjUL
  • Transcribing agency: BD-RjUL

150 ## - HEADING--TOPICAL TERM

  • Topical term or geographic name entry element: Turbulent flow
  • General subdivision: Fluid mechanics

670 ## - SOURCE DATA FOUND

  • Source citation: Work cat.: (BD-RjUL)79625: Sultana, Mst. Shamima 1221, Mst. Shamima Sultana, 2003